000 00903nam a22002777a 4500
001 9707
003 FISKH
005 20260424132922.0
008 260130b cb ||||| |||| 00| 0 eng d
020 _a9780462004846
040 _aFISKH
_beng
_cFISKH
_dFISKH
050 _aPZ7
100 _aWard , Casey
245 _aThe new principal /
_cWritten by Casey . Photograph by Vinnie Riesck
250 _aFirst published 2008
260 _aLondon :
_bMarshall Cavendish ,
_c2008.
300 _a16 pages :
_bcolor illustrations ;
_c19 cm .
490 _aMy Pals Are Here ! - Reading Stars
_v7b
505 _aE
520 _aA new female principal has come to work on her first day. She visits many classrooms to see the students.
521 8 _a200
_bLexile estimate
521 8 _aE
_bRaz-Plus
700 _aRiesck , Vinnie
_eIllustrator
942 _2ddc
_cBK
_n0
999 _c9707
_d9707